Text book of physical chemistry / (Record no. 335136)
[ view plain ]
| 000 -LEADER | |
|---|---|
| fixed length control field | 00576cam a2200241ua 4500 |
| 020 ## - INTERNATIONAL STANDARD BOOK NUMBER | |
| Terms of availability | 60.00 |
| 041 ## - LANGUAGE CODE | |
| Language code of text/sound track or separate title | eng |
| Language code of original | |
| 082 ## - DEWEY DECIMAL CLASSIFICATION NUMBER | |
| Classification number | 541.3 |
| Item number | SON/TE |
| 100 ## - MAIN ENTRY--PERSONAL NAME | |
| Personal name | Sony, P.L. |
| 245 ## - TITLE STATEMENT | |
| Title | Text book of physical chemistry / |
| Statement of responsibility, etc. | P.L Sony. |
| Medium | Textual Documents |
| 250 ## - EDITION STATEMENT | |
| Edition statement | 16 / |
| Remainder of edition statement | . |
| 260 ## - PUBLICATION, DISTRIBUTION, ETC. (IMPRINT) | |
| Place of publication, distribution, etc. | New Delhi : |
| Name of publisher, distributor, etc. | S.Chand & Sons , |
| Date of publication, distribution, etc. | 1985. |
| 300 ## - PHYSICAL DESCRIPTION | |
| Extent | 2524 ; . |
| 365 ## - TRADE PRICE | |
| Price type code | 60.00 |
| 504 ## - BIBLIOGRAPHY, ETC. NOTE | |
| Bibliography, etc | |
| 700 1# - ADDED ENTRY--PERSONAL NAME | |
| Personal name | Dharmarha, O.P. |
| 942 ## - ADDED ENTRY ELEMENTS (KOHA) | |
| Koha item type | Books (General) |
| Withdrawn status | Lost status | Damaged status | Not for loan | Home library | Current library | Date acquired | Total Checkouts | Full call number | Barcode | Date last seen | Price effective from | Koha item type | Date checked out |
|---|---|---|---|---|---|---|---|---|---|---|---|---|---|
| Kelappaji College of Agricultural Engineering & Technology Library, Tavanur | Kelappaji College of Agricultural Engineering & Technology Library, Tavanur | 17/03/1986 | 541.3 SON/TE | KAU_KCAEFT-15058 | 03/09/2025 | 03/09/2025 | Books (General) | ||||||
| Kelappaji College of Agricultural Engineering & Technology Library, Tavanur | Kelappaji College of Agricultural Engineering & Technology Library, Tavanur | 17/03/1986 | 541.3 SON/TE | KAU_KCAEFT-15059 | 03/09/2025 | 03/09/2025 | Books (General) | ||||||
| Kelappaji College of Agricultural Engineering & Technology Library, Tavanur | Kelappaji College of Agricultural Engineering & Technology Library, Tavanur | 17/03/1986 | 541.3 SON/TE | KAU_KCAEFT-15057 | 03/09/2025 | 03/09/2025 | Books (General) | ||||||
| Kelappaji College of Agricultural Engineering & Technology Library, Tavanur | Kelappaji College of Agricultural Engineering & Technology Library, Tavanur | 17/03/1986 | 541.3 SON/TE | KAU_KCAEFT-15060 | 03/09/2025 | 03/09/2025 | Books (General) | ||||||
| Kelappaji College of Agricultural Engineering & Technology Library, Tavanur | Kelappaji College of Agricultural Engineering & Technology Library, Tavanur | 07/04/2012 | 2 | 541.3 SON/TE | KAU_KCAEFT-21798 | 03/09/2025 | 03/09/2025 | Books (General) | 18/02/2013 |
